000 00633nam a22001817a 4500
008 221018b |||||||| |||| 00| 0 eng d
017 _a2018-1075(11-10-2017)
020 _a9789785110098
040 _aNLN
_bEnglish
050 _aQA76.35
_b.A533
082 _a004.078
245 _aANAMBRA state university uli department of computer science:
_bpractical laboratory manual for computer application /
_ced. by Ejiofor Christopher I.
260 _aUwani, Enugu State(126, Ziks Avenue):
_bEzu Books,
_c2014
300 _axi, 158p.:
_bill.; 27cm
563 _a(pbk)
650 _aComputer science
_vLaboratory manual
_919276
942 _cBK
999 _c9764
_d9764